A Text of Agriculture Economics (Record no. 5606)

MARC details
000 -LEADER
fixed length control field 00381nam a22001577a 4500
005 - DATE AND TIME OF LATEST TRANSACTION
control field 20170925145059.0
008 - FIXED-LENGTH DATA ELEMENTS--GENERAL INFORMATION
fixed length control field 170925b xxu||||| |||| 00| 0 eng d
020 ## - INTERNATIONAL STANDARD BOOK NUMBER
ISBN 978-93-80856-33-9
041 ## - LANGUAGE CODE
Language code of text/sound track or separate title eng
082 ## - DEWEY DECIMAL CLASSIFICATION NUMBER
Classification number 338.1
100 ## - MAIN ENTRY--AUTHOR NAME
Personal name Singh,Dr. C.B
245 ## - TITLE STATEMENT
Title A Text of Agriculture Economics
260 ## - PUBLICATION, DISTRIBUTION, ETC. (IMPRINT)
Name of publisher University Science Press
Year of publication 2011
300 ## - PHYSICAL DESCRIPTION
Number of Pages 331
942 ## - ADDED ENTRY ELEMENTS (KOHA)
Koha item type Books
Holdings
Lost status Damaged status Home library Current library Shelving location Date acquired Source of acquisition Cost, normal purchase price Full call number Accession Number Koha item type
    JRU Library JRU Library SHELF-46-I 25/09/2017 Purchase 210.00 338.1 22093 Books
    JRU Library JRU Library SHELF-46-I 25/09/2017 Purchase 210.00 338.1 22094 Books
    JRU Library JRU Library SHELF-46-I 25/09/2017 Purchase 210.00 338.1 22095 Books
    JRU Library JRU Library SHELF-46-I 25/09/2017 Purchase 210.00 338.1 22096 Books
    JRU Library JRU Library SHELF-46-I 25/09/2017 Purchase 210.00 338.1 22097 Books
    JRU Library JRU Library SHELF-46-I 25/09/2017 Purchase 210.00 338.1 22098 Books